1985 1072 1321 1788 1792 1410 1301 1588 1170 1943 1552 1002 1418 1395 1705 1042 1318 1272 1405 1708 1171 1000 1705 1915 1051 1103 1606 1579 1223 1198 1653 1617 1356 1611 1949 1960 1436 1593 1548 1016 1364 1203 1225 1995 1756 1376 1434 1381 1882 1551 1311 1950 1470 1889 1049 1618 1023 1383 1604 1698 1570 1770 1066 1794 1142 1779 1856 1200 1271 1344 1994 1734 1784 1267 1494 1749 1038 1067 1669 1053 1207 1265 1560 1389 1555 1152 1696 1566 1001 1868 1798 1559 1134 1941 1489 1615 1826 1759 1345 BCNSPRNW ULIB Ver.6.0+V

เปลี่ยนเป็นภาษาไทย

Change to English
 แสดงรายละเอียดบรรณานุกรม
  กลับหน้าหลัก

Brief Record : Get Marc (ISO 2709) : E-mail record : QR code < ปิดหน้าต่าง
LEADER : 00000nam 2200000uu 4500
001    13399111263
003     ULIB
008    110621s||||||||th 000 0 tha d
020    9742121508
050  4 BF724^bพ381ค 2548
100 1  คิโยซากิ, โรเบิร์ด ที
245 10 พ่อรวยสอนวัยรุ่น :^bเคล็ดลับเรื่องเงิน ๆ ทอง ๆ ที่ไม่มีสอนในโรงเรียน=Rich dad poor dad for teens /^cโรเบิร์ด ที. คิโยซากิ, แอล. ชารอน แลชเตอร์ ; วารี ปานเจริญ, เรียบเรียง
246 31 Rich dad poor dad for teens
260    กรุงเทพฯ :^bซีเอ็ดยูเคชั่น,^c2548
300    130 หน้า
650  4 การเงิน
700 1  แลชเตอร์, แอล. ชารอน
700 0  วารี ปานเจริญ
945    ^p110^l0^i017794
945    ^p110^l0^i017793
995    ทศพร
999 ^a ใช้งานได้ทุกระบบ
รายการนี้ยังไม่มีแท็ก
คุณยังไม่ได้ล็อกอิน คุณสามารถมีกิจกรรมร่วมกับเว็บไซต์ได้ แต่ต้องล็อกอินก่อน ::
  ล็อกอิน

รายการสื่อสารสนเทศ

ลำดับที่ ประเภท เลขเรียก/บาร์โค้ด สถานที่ สถานะ
- ไม่พบข้อมูล -

รายการใกล้เคียง
    หัวเรื่อง [การเงิน]

BibComment


ยังไม่เคยถูกคอมเมนท์

คอมเมนท์ทรัพยากรรายการนี้
  คอมเมนท์: พ่อรวยสอนวัยรุ่น ..


 Copyright 2026. Bcnsprnw @Library